000 00408pab a2200157 454500
008 180718b1974 xxu||||| |||| 00| 0 eng d
100 _aGoyal, R.C.
245 _aIndustrial relations policy through the five-year plans
260 _c1974
300 _ap.638-652.
362 _aJul-Sep
650 _aLabour relations
773 _aIndian Journal of Public Administration
908 _aN
909 _a99890
999 _c99889
_d99889